000 00733nam a22002057a 4500
999 _c8586
_d8586
003 AR-CdUCM
008 190325b ||||| |||| 00| 0 spa d
040 _aMUNICIPALIDAD PROVINCIAL DEL CUSCO
_cBIBLIOTECA MUNICIPAL DEL CUSCO
082 _a335.41 /
_bM26
100 _aMarx
_924039
245 _aMiseria de la filosofía :
_brespuesta a la filosofía de la miseria del señor Proudhon /
260 _aMoscú :
_bProgreso,
_c1847.
300 _a194 páginas ;
_bretrato,
_c19 cm.
505 _aContenido: Un descubrimiento científico -- La metafísica de la economía política.
650 _aMaterialismo histórico
_94121
650 _aEconomía marxista
_99822
650 _aMarxismo
_924
942 _2ddc
_cLIBROS
945 _aachl